<?xml version="1.0" encoding="UTF-8"?>
<record
    xmlns:xsi="http://www.w3.org/2001/XMLSchema-instance"
    xsi:schemaLocation="http://www.loc.gov/MARC21/slim http://www.loc.gov/standards/marcxml/schema/MARC21slim.xsd"
    xmlns="http://www.loc.gov/MARC21/slim">

  <leader>00465nam a22001577a 4500</leader>
  <controlfield tag="003">OSt</controlfield>
  <controlfield tag="005">20151206145324.0</controlfield>
  <controlfield tag="008">151206b        xxu||||| |||| 00| 0 eng d</controlfield>
  <datafield tag="040" ind1=" " ind2=" ">
    <subfield code="c">RUA</subfield>
  </datafield>
  <datafield tag="082" ind1=" " ind2=" ">
    <subfield code="a">ATM &#x179C;&#x17BB;&#x1793; 1994 B190 Or.1</subfield>
  </datafield>
  <datafield tag="100" ind1=" " ind2=" ">
    <subfield code="9">4412</subfield>
    <subfield code="a">&#x179C;&#x17BB;&#x1793; &#x179C;&#x17C9;&#x17B6;&#x179A;&#x17B8;</subfield>
  </datafield>
  <datafield tag="245" ind1=" " ind2=" ">
    <subfield code="a">&#x179F;&#x17B7;&#x1780;&#x17D2;&#x179F;&#x17B6;&#x17A7;&#x1794;&#x1780;&#x179A;&#x178E;&#x17CD;&#x1794;&#x17B6;&#x1785;&#x17CB;&#x1787;&#x17B8;&#x1793;&#x17C5;&#x1780;&#x17D2;&#x1793;&#x17BB;&#x1784;&#x179F;&#x17D2;&#x179A;&#x17C2;</subfield>
  </datafield>
  <datafield tag="260" ind1=" " ind2=" ">
    <subfield code="a">Phnom Penh</subfield>
    <subfield code="b">RUA</subfield>
    <subfield code="c">1994</subfield>
  </datafield>
  <datafield tag="300" ind1=" " ind2=" ">
    <subfield code="a">67p.</subfield>
    <subfield code="b">ill.</subfield>
    <subfield code="c">29cm.</subfield>
  </datafield>
  <datafield tag="942" ind1=" " ind2=" ">
    <subfield code="2">ddc</subfield>
    <subfield code="c">ATM</subfield>
  </datafield>
  <datafield tag="999" ind1=" " ind2=" ">
    <subfield code="c">4112</subfield>
    <subfield code="d">4112</subfield>
  </datafield>
  <datafield tag="952" ind1=" " ind2=" ">
    <subfield code="0">0</subfield>
    <subfield code="1">0</subfield>
    <subfield code="2">ddc</subfield>
    <subfield code="4">0</subfield>
    <subfield code="6">ATM_&#x179C;&#x17BB;&#x1793;_1994_000000000000000_B190_OR_1</subfield>
    <subfield code="7">0</subfield>
    <subfield code="9">20730</subfield>
    <subfield code="a">LBB</subfield>
    <subfield code="b">LBB</subfield>
    <subfield code="c">B190</subfield>
    <subfield code="d">2015-12-06</subfield>
    <subfield code="o">ATM &#x179C;&#x17BB;&#x1793; 1994 B190 Or.1</subfield>
    <subfield code="p">RUA043046</subfield>
    <subfield code="r">2015-12-06</subfield>
    <subfield code="w">2015-12-06</subfield>
    <subfield code="y">ATM</subfield>
  </datafield>
  <datafield tag="952" ind1=" " ind2=" ">
    <subfield code="0">0</subfield>
    <subfield code="1">0</subfield>
    <subfield code="2">ddc</subfield>
    <subfield code="4">0</subfield>
    <subfield code="6">ATM_&#x179C;&#x17BB;&#x1793;_1994_000000000000000_B190_OR_2</subfield>
    <subfield code="7">0</subfield>
    <subfield code="9">52772</subfield>
    <subfield code="a">LBB</subfield>
    <subfield code="b">LBB</subfield>
    <subfield code="c">B190</subfield>
    <subfield code="d">2016-09-22</subfield>
    <subfield code="o">ATM &#x179C;&#x17BB;&#x1793; 1994 B190 Or.2</subfield>
    <subfield code="p">RUA045916</subfield>
    <subfield code="r">2016-09-22</subfield>
    <subfield code="w">2016-09-22</subfield>
    <subfield code="y">ATM</subfield>
  </datafield>
  <datafield tag="952" ind1=" " ind2=" ">
    <subfield code="0">0</subfield>
    <subfield code="1">0</subfield>
    <subfield code="2">ddc</subfield>
    <subfield code="4">0</subfield>
    <subfield code="6">ATM_&#x179C;&#x17BB;&#x1793;_1994_000000000000000_B190_OR_3</subfield>
    <subfield code="7">0</subfield>
    <subfield code="9">56795</subfield>
    <subfield code="a">LBB</subfield>
    <subfield code="b">LBB</subfield>
    <subfield code="c">B190</subfield>
    <subfield code="d">2016-11-11</subfield>
    <subfield code="o">ATM &#x179C;&#x17BB;&#x1793; 1994 B190 Or.3</subfield>
    <subfield code="p">A04076</subfield>
    <subfield code="r">2016-11-11</subfield>
    <subfield code="w">2016-11-11</subfield>
    <subfield code="y">ATM</subfield>
  </datafield>
</record>
